Normal view
MARC view
- Olson, Aaron K.
Entry Personal Name
001 - CONTROL NUMBER
- control field: 6956
003 - CONTROL NUMBER IDENTIFIER
- control field: OSt
005 - DATE AND TIME OF LATEST TRANSACTION
- control field: 20170523090933.0
008 - FIXED-LENGTH DATA ELEMENTS
- fixed length control field: 170523|| aca||aabn | a|a d
040 ## - CATALOGING SOURCE
- Original cataloging agency: OSt
- Transcribing agency: OSt
100 ## - HEADING--PERSONAL NAME
- Personal name: Olson, Aaron K.
- Dates associated with a name: 1974-
670 ## - SOURCE DATA FOUND
- Source citation: Work cat.: (OSt): Olson, Aaron K. 1974-, Leading with strategic thinking

PORTAL AKMAL
E-MEL JKDM
AKMAL2U
G-BAM
u-PUSTAKA